[Event "Moscow Open 2018 F"]
[Site "?"]
[Date "2018.02.01"]
[Round "7.5"]
[White "Ivlev, Aleksey"]
[Black "Antonov, Andrey P."]
[Result "1-0"]
[BlackElo "2176"]
[WhiteElo "2300"]
[LiveChessVersion "1.4.8"]

1. Nf3 {[%clk 1:30:58]} Nf6 {[%clk 1:30:56]} 2. c4 {[%clk 1:31:24]} d6
{[%clk 1:30:57]} 3. d4 {[%clk 1:31:49]} g6 {[%clk 1:31:15]} 4. Nc3
{[%clk 1:32:15]} Bg7 {[%clk 1:31:37]} 5. e4 {[%clk 1:32:40]} O-O {[%clk 1:31:57]}
6. Be2 {[%clk 1:33:06]} e5 {[%clk 1:31:49]} 7. d5 {[%clk 1:33:35]} a5
{[%clk 1:16:45]} 8. Bg5 {[%clk 1:33:57]} h6 {[%clk 1:17:11]} 9. Bh4
{[%clk 1:34:23]} Na6 {[%clk 1:15:31]} 10. Nd2 {[%clk 1:34:46]} Nc5
{[%clk 1:13:13]} 11. O-O {[%clk 1:35:06]} Bd7 {[%clk 1:09:20]} 12. b3
{[%clk 1:34:44]} Qe8 {[%clk 1:07:28]} 13. a3 {[%clk 1:34:23]} b6 {[%clk 0:49:03]}
14. b4 {[%clk 1:32:46]} Nb7 {[%clk 0:42:54]} 15. Nb3 {[%clk 1:31:14]} c5
{[%clk 0:33:51]} 16. dxc6 {[%clk 1:28:28]} Bxc6 {[%clk 0:32:30]} 17. f3
{[%clk 1:28:39]} Qb8 {[%clk 0:22:32]} 18. Qd2 {[%clk 1:25:19]} g5
{[%clk 0:17:31]} 19. Bf2 {[%clk 1:25:37]} Nd8 {[%clk 0:18:00]} 20. Rfd1
{[%clk 1:25:41]} Ne8 {[%clk 0:18:27]} 21. Nd5 {[%clk 1:24:44]} Ba4
{[%clk 0:13:53]} 22. Rab1 {[%clk 1:24:17]} axb4 {[%clk 0:13:12]} 23. axb4
{[%clk 1:23:10]} b5 {[%clk 0:12:11]} 24. Nb6 {[%clk 1:22:33]} bxc4
{[%clk 0:12:20]} 25. Bxc4 {[%clk 1:22:31]} Ra7 {[%clk 0:12:07]} 26. Nxa4
{[%clk 1:22:55]} Rxa4 {[%clk 0:12:31]} 27. Na5 {[%clk 1:23:03]} Ne6
{[%clk 0:10:39]} 28. Bb3 {[%clk 1:21:47]} Qxb4 {[%clk 0:07:48]} 29. Bxa4
{[%clk 1:21:05]} Qxa4 {[%clk 0:08:15]} 30. Ra1 {[%clk 1:20:19]} Qd7
{[%clk 0:07:42]} 31. Nc4 {[%clk 1:20:39]} Nd4 {[%clk 0:08:01]} 32. Bxd4
{[%clk 1:16:32]} exd4 {[%clk 0:08:24]} 33. Qb4 {[%clk 1:16:37]} Qc6
{[%clk 0:04:13]} 34. Rac1 {[%clk 1:14:23]} g4 {[%clk 0:03:22]} 35. Na5
{[%clk 1:07:22]} Qd7 {[%clk 0:03:07]} 36. Qb7 {[%clk 1:02:33]} Qxb7
{[%clk 0:02:42]} 37. Nxb7 {[%clk 1:03:01]} gxf3 {[%clk 0:03:07]} 38. gxf3
{[%clk 1:03:26]} f5 {[%clk 0:03:31]} 39. Rc8 {[%clk 1:03:10]} fxe4 40. fxe4
{[%clk 1:03:22]} Kf7 {[%clk 0:02:40]} 41. Rd3 {[%clk 0:58:15]} Be5
{[%clk 0:01:36]} 42. Rf3+ {[%clk 0:56:31]} Ke7 {[%clk 0:02:00]} 43. Rxf8
{[%clk 0:48:28]} Kxf8 {[%clk 0:02:25]} 44. Kg2 {[%clk 0:48:55]} d3
{[%clk 0:01:25]} 45. Rc1 {[%clk 0:47:21]} Nf6 {[%clk 0:00:52]} 46. Rd1
{[%clk 0:43:00]} Nxe4 {[%clk 0:01:17]} 47. Rxd3 {[%clk 0:43:24]} Nc5
{[%clk 0:00:51]} 48. Nxc5 {[%clk 0:42:32]} dxc5 {[%clk 0:01:17]} 49. Rd5
{[%clk 0:42:58]} Bd4 {[%clk 0:01:29]} 50. Kf3 {[%clk 0:43:23]} Kf7
{[%clk 0:01:01]} 51. Ke4 {[%clk 0:43:32]} Kg6 {[%clk 0:00:41]} 52. h4
{[%clk 0:43:37]} Bg1 {[%clk 0:00:40]} 53. h5+ {[%clk 0:43:53]} Kf6
{[%clk 0:00:52]} 54. Rd6+ {[%clk 0:44:17]} 1-0

[Event "Moscow Open 2018 F"]
[Site "?"]
[Date "2018.02.01"]
[Round "7.6"]
[White "Shapkin, Anatoliy"]
[Black "Badalyan, Shavarsh"]
[Result "1-0"]
[BlackElo "2172"]
[WhiteElo "2278"]
[LiveChessVersion "1.4.8"]

1. d4 {[%clk 1:25:58]} Nf6 {[%clk 1:30:43]} 2. c4 {[%clk 1:26:18]} e6
{[%clk 1:31:02]} 3. g3 {[%clk 1:26:42]} Bb4+ {[%clk 1:30:55]} 4. Bd2
{[%clk 1:24:51]} Qe7 {[%clk 1:31:09]} 5. Bg2 {[%clk 1:25:10]} Nc6
{[%clk 1:31:19]} 6. e3 {[%clk 1:25:32]} O-O {[%clk 1:28:29]} 7. Ne2
{[%clk 1:25:57]} Bxd2+ {[%clk 1:26:01]} 8. Qxd2 {[%clk 1:25:50]} Qb4
{[%clk 1:22:51]} 9. Qxb4 {[%clk 1:19:55]} Nxb4 {[%clk 1:23:14]} 10. Kd2
{[%clk 1:20:13]} e5 {[%clk 1:13:33]} 11. dxe5 {[%clk 1:14:54]} Ng4
{[%clk 1:13:59]} 12. f4 {[%clk 1:14:45]} d6 {[%clk 1:13:43]} 13. h3
{[%clk 1:09:02]} Nf2 {[%clk 0:52:11]} 14. Rf1 {[%clk 1:08:53]} Nxh3
{[%clk 0:52:33]} 15. Kc3 {[%clk 1:07:13]} Bg4 {[%clk 0:50:45]} 16. Bf3
{[%clk 1:04:22]} Bxf3 {[%clk 0:48:36]} 17. Rxf3 {[%clk 1:03:54]} a5
{[%clk 0:48:58]} 18. Kb3 {[%clk 0:39:47]} Nd3 {[%clk 0:35:28]} 19. exd6
{[%clk 0:35:22]} cxd6 {[%clk 0:35:20]} 20. Nbc3 {[%clk 0:33:14]} Rfe8
{[%clk 0:32:20]} 21. Raf1 {[%clk 0:24:53]} Rac8 {[%clk 0:21:48]} 22. g4
{[%clk 0:23:26]} Nhf2 {[%clk 0:22:07]} 23. R3xf2 {[%clk 0:23:45]} Nxf2
{[%clk 0:22:29]} 24. Rxf2 {[%clk 0:24:06]} Rxe3 {[%clk 0:22:53]} 25. Nd4
{[%clk 0:23:45]} Rc5 {[%clk 0:20:04]} 26. Nf5 {[%clk 0:21:25]} Re6
{[%clk 0:19:54]} 27. Rd2 {[%clk 0:21:06]} h5 {[%clk 0:19:41]} 28. Na4
{[%clk 0:20:04]} Rc7 {[%clk 0:18:50]} 29. gxh5 {[%clk 0:19:27]} Rf6
{[%clk 0:17:41]} 30. Rd5 {[%clk 0:19:02]} g6 {[%clk 0:18:06]} 31. hxg6
{[%clk 0:19:04]} fxg6 {[%clk 0:18:32]} 32. Nxd6 {[%clk 0:19:15]} Rxf4
{[%clk 0:18:52]} 33. Rxa5 {[%clk 0:19:12]} Kh7 {[%clk 0:18:22]} 34. Nc3
{[%clk 0:17:03]} Rg7 {[%clk 0:18:05]} 35. Nd5 {[%clk 0:12:15]} Rf3+
{[%clk 0:18:21]} 36. Kb4 {[%clk 0:12:39]} g5 {[%clk 0:18:17]} 37. Ne8
{[%clk 0:11:42]} Rg6 {[%clk 0:18:33]} 38. Ndf6+ {[%clk 0:06:27]} Kh6
{[%clk 0:16:28]} 39. Rb5 {[%clk 0:05:23]} Rfxf6 {[%clk 0:13:08]} 40. Nxf6
{[%clk 0:05:41]} Rxf6 {[%clk 0:13:36]} 41. Rxb7 {[%clk 0:06:02]} Rf2
{[%clk 0:13:56]} 42. b3 {[%clk 0:05:04]} g4 {[%clk 0:14:10]} 43. Rd7
{[%clk 0:04:41]} Rxa2 {[%clk 0:14:12]} 44. c5 {[%clk 0:04:59]} Rc2
{[%clk 0:14:21]} 45. Kb5 {[%clk 0:05:06]} g3 {[%clk 0:14:29]} 46. Rd3
{[%clk 0:05:02]} g2 {[%clk 0:14:54]} 47. Rg3 {[%clk 0:05:20]} Rc3
{[%clk 0:15:17]} 48. Rxg2 {[%clk 0:05:46]} Rxb3+ {[%clk 0:15:43]} 49. Kc6
{[%clk 0:06:09]} Kh5 {[%clk 0:15:58]} 50. Kc7 {[%clk 0:06:30]} 1-0

[Event "Moscow Open 2018 F"]
[Site "?"]
[Date "2018.02.01"]
[Round "7.7"]
[White "Kezin, Roman"]
[Black "Oguzov, Shamil"]
[Result "*"]
[BlackElo "2220"]
[WhiteElo "2450"]
[LiveChessVersion "1.4.8"]

1. d4 {[%clk 1:27:12]} Nf6 {[%clk 1:28:59]} 2. c4 {[%clk 1:27:35]} e6
{[%clk 1:27:14]} 3. Nf3 {[%clk 1:27:07]} c5 {[%clk 1:27:29]} 4. d5
{[%clk 1:27:24]} exd5 {[%clk 1:27:55]} 5. cxd5 {[%clk 1:27:50]} d6
{[%clk 1:28:23]} 6. Nc3 {[%clk 1:28:14]} g6 {[%clk 1:28:47]} 7. e4
{[%clk 1:28:38]} a6 {[%clk 1:28:04]} 8. a4 {[%clk 1:27:30]} Bg4 {[%clk 1:25:37]}
9. Be2 {[%clk 1:27:29]} Bxf3 {[%clk 1:25:59]} 10. Bxf3 {[%clk 1:27:53]} Nbd7
{[%clk 1:23:47]} 11. Bf4 {[%clk 1:27:24]} Qe7 {[%clk 1:20:09]} 12. O-O
{[%clk 1:21:57]} Bg7 {[%clk 1:20:33]} 13. Re1 {[%clk 1:15:21]} O-O
{[%clk 1:19:17]} 14. a5 {[%clk 1:15:31]} Rab8 {[%clk 1:14:59]} 15. Be2
{[%clk 1:10:16]} b5 {[%clk 1:06:55]} 16. axb6 {[%clk 1:08:34]} Rxb6
{[%clk 1:07:12]} 17. Rxa6 {[%clk 0:57:29]} Rxa6 {[%clk 1:01:23]} 18. Bxa6
{[%clk 0:57:55]} Nh5 {[%clk 1:00:38]} 19. Bc1 {[%clk 0:56:00]} Qh4
{[%clk 0:56:42]} 20. g3 {[%clk 0:49:07]} Qe7 {[%clk 0:49:48]} 21. Bb5
{[%clk 0:43:26]} Rb8 {[%clk 0:45:42]} 22. Qe2 {[%clk 0:43:31]} Nhf6
{[%clk 0:41:05]} 23. f4 {[%clk 0:37:38]} h5 {[%clk 0:32:37]} 24. e5
{[%clk 0:24:41]} Ng4 {[%clk 0:29:07]} 25. e6 {[%clk 0:08:46]} Ndf6
{[%clk 0:15:57]} 26. Bd3 {[%clk 0:08:04]} Nh6 {[%clk 0:05:46]} 27. exf7+
{[%clk 0:08:28]} Qxf7 {[%clk 0:06:12]} 28. Qe6 {[%clk 0:08:50]} Kh7
{[%clk 0:02:22]} 29. f5 {[%clk 0:07:20]} g5 {[%clk 0:02:48]} 30. Qxd6
{[%clk 0:04:26]} Rb7 {[%clk 0:00:33]} 31. Bxg5 {[%clk 0:04:25]} c4
{[%clk 0:00:50]} 32. Bxc4 {[%clk 0:04:18]} Nfg4 {[%clk 0:00:43]} 33. Qg6+
{[%clk 0:01:02]} Qxg6 {[%clk 0:01:05]} 34. fxg6+ {[%clk 0:01:31]} Kxg6
{[%clk 0:01:34]} 35. Re6+ {[%clk 0:01:51]} Kh7 {[%clk 0:00:31]} 36. Bd3+
{[%clk 0:01:28]} Kg8 {[%clk 0:00:54]} 37. Nb5 {[%clk 0:01:46]} Rb8
{[%clk 0:00:35]} 38. d6 {[%clk 0:01:46]} Nf7 {[%clk 0:00:43]} 39. d7
{[%clk 0:01:44]} Bf8 {[%clk 0:00:32]} 40. Re8 {[%clk 0:01:43]} Ra8 41. Re5 *

[Event "Moscow Open 2018 F"]
[Site "?"]
[Date "2018.02.01"]
[Round "7.8"]
[White "Khangueva, Ayana"]
[Black "Borisenko, Viacheslav"]
[Result "0-1"]
[BlackElo "2330"]
[WhiteElo "2140"]
[LiveChessVersion "1.4.8"]

1. d4 {[%clk 1:29:58]} d5 {[%clk 1:29:44]} 2. c4 {[%clk 1:27:38]} Bf5
{[%clk 1:29:15]} 3. Nc3 {[%clk 1:27:45]} e6 {[%clk 1:27:55]} 4. cxd5
{[%clk 1:26:57]} exd5 {[%clk 1:28:03]} 5. Nf3 {[%clk 0:49:11]} c6
{[%clk 1:27:50]} 6. Qb3 {[%clk 0:45:56]} Qb6 {[%clk 1:27:44]} 7. Qa4
{[%clk 0:42:01]} Nd7 {[%clk 1:26:47]} 8. e3 {[%clk 0:34:46]} Ngf6
{[%clk 1:26:58]} 9. Be2 {[%clk 0:35:05]} Bd6 {[%clk 1:26:39]} 10. O-O
{[%clk 0:35:17]} h6 {[%clk 1:26:43]} 11. Qd1 {[%clk 0:30:03]} Qc7
{[%clk 1:10:24]} 12. h3 {[%clk 0:29:51]} g5 {[%clk 1:09:59]} 13. Ne1
{[%clk 0:28:23]} O-O-O {[%clk 1:08:52]} 14. Bd2 {[%clk 0:28:45]} Nb6
{[%clk 1:06:18]} 15. Qb3 {[%clk 0:21:59]} Qd7 {[%clk 1:01:57]} 16. a4
{[%clk 0:15:06]} Bxh3 {[%clk 1:00:34]} 17. Nb5 cxb5 {[%clk 0:54:26]} 18. axb5
{[%clk 0:13:11]} Kb8 {[%clk 0:54:38]} 19. Rxa7 {[%clk 0:07:19]} Kxa7
{[%clk 0:53:57]} 20. Nd3 {[%clk 0:03:45]} Ra8 {[%clk 0:33:06]} 21. Nc5
{[%clk 0:02:44]} Qe7 {[%clk 0:33:24]} 22. gxh3 {[%clk 0:02:24]} Kb8
{[%clk 0:33:02]} 23. f3 {[%clk 0:01:19]} Nfd7 {[%clk 0:32:17]} 24. Nd3
{[%clk 0:00:52]} Nc4 {[%clk 0:32:43]} 25. Qd1 {[%clk 0:00:48]} Nxe3
{[%clk 0:32:24]} 26. Bxe3 {[%clk 0:01:10]} Qxe3+ {[%clk 0:32:51]} 27. Kg2
{[%clk 0:01:22]} Qxd4 {[%clk 0:32:51]} 28. Qb3 {[%clk 0:01:03]} Re8
{[%clk 0:32:55]} 29. Re1 {[%clk 0:01:17]} Nc5 {[%clk 0:33:04]} 30. Nxc5
{[%clk 0:01:42]} Bxc5 {[%clk 0:33:28]} 0-1

[Event "Moscow Open 2018 F"]
[Site "?"]
[Date "2018.02.01"]
[Round "7.9"]
[White "Chernyavsky, Alexander"]
[Black "Makarenko, Aleksandr"]
[Result "1-0"]
[BlackElo "2166"]
[WhiteElo "2326"]
[LiveChessVersion "1.4.8"]

1. d4 {[%clk 1:30:58]} Nf6 {[%clk 1:29:53]} 2. Nf3 {[%clk 1:31:22]} e6
{[%clk 1:25:22]} 3. e3 {[%clk 1:30:17]} c5 {[%clk 1:22:52]} 4. b3
{[%clk 1:29:09]} cxd4 {[%clk 1:22:12]} 5. exd4 {[%clk 1:29:34]} b6
{[%clk 1:20:44]} 6. Bb2 {[%clk 1:29:34]} Bb7 {[%clk 1:20:45]} 7. Bd3
{[%clk 1:29:10]} Be7 {[%clk 1:18:10]} 8. O-O {[%clk 1:29:26]} O-O
{[%clk 1:17:39]} 9. Nbd2 {[%clk 1:29:45]} Nc6 {[%clk 1:14:39]} 10. a3
{[%clk 1:29:43]} Rc8 {[%clk 1:14:12]} 11. Qe2 {[%clk 1:29:46]} Qc7
{[%clk 1:06:50]} 12. Rac1 {[%clk 1:22:03]} d5 {[%clk 1:03:15]} 13. Ne5
{[%clk 1:11:24]} Rfd8 {[%clk 0:53:13]} 14. f4 {[%clk 1:07:26]} g6
{[%clk 0:47:15]} 15. Ndf3 {[%clk 0:46:34]} Ne4 {[%clk 0:39:38]} 16. c4
{[%clk 0:42:45]} Qb8 {[%clk 0:34:34]} 17. cxd5 {[%clk 0:25:39]} exd5
{[%clk 0:34:25]} 18. f5 {[%clk 0:25:38]} Bd6 {[%clk 0:14:04]} 19. fxg6
{[%clk 0:21:24]} hxg6 {[%clk 0:12:24]} 20. Nxf7 {[%clk 0:18:41]} Kxf7
{[%clk 0:10:47]} 21. Ng5+ {[%clk 0:12:18]} Kg8 {[%clk 0:08:58]} 22. Bxe4
{[%clk 0:12:05]} Ne7 {[%clk 0:08:15]} 23. Bxg6 {[%clk 0:10:22]} 1-0

[Event "Moscow Open 2018 F"]
[Site "?"]
[Date "2018.02.01"]
[Round "7.10"]
[White "Styazhkina, Anna"]
[Black "Tishova, Svetlana"]
[Result "1-0"]
[BlackElo "2136"]
[WhiteElo "2283"]
[LiveChessVersion "1.4.8"]

1. e4 c5 2. Nf3 e6 3. d4 cxd4 4. Nxd4 a6 5. Bd3 Nf6 6. Qe2 d6 7. O-O Qc7 8. c4 g6
9. Nc3 Bg7 10. Be3 Nc6 11. Nc2 Ne5 12. f3 Nfd7 13. f4 Nxd3 14. Qxd3 Nc5 15. Qd2
O-O 16. Bd4 Bxd4+ 17. Nxd4 b6 18. Rae1 Nd7 19. f5 e5 20. Nd5 Qb7 21. Qh6 f6 22.
Ne6 Rf7 23. fxg6 1-0

[Event "Moscow Open 2018 F"]
[Site "?"]
[Date "2018.02.01"]
[Round "7.11"]
[White "Aleksandrovskiy, Dmitriy"]
[Black "Orekhovsky, Vasily"]
[Result "1-0"]
[BlackElo "2150"]
[WhiteElo "2239"]
[LiveChessVersion "1.4.8"]

1. Nf3 {[%clk 1:30:05]} d5 {[%clk 1:30:38]} 2. g3 {[%clk 1:30:28]} Nf6
{[%clk 1:28:58]} 3. Bg2 {[%clk 1:30:48]} c6 {[%clk 1:22:01]} 4. O-O
{[%clk 1:31:04]} Bf5 {[%clk 1:22:29]} 5. Nh4 {[%clk 1:31:20]} e6 {[%clk 1:09:53]}
6. d4 {[%clk 1:28:35]} Bd6 {[%clk 1:08:45]} 7. Nd2 {[%clk 1:27:38]} O-O
{[%clk 0:59:14]} 8. Nxf5 {[%clk 1:26:41]} exf5 {[%clk 0:59:39]} 9. e3
{[%clk 1:26:51]} Nbd7 {[%clk 0:47:11]} 10. c4 {[%clk 1:25:23]} Qa5
{[%clk 0:28:44]} 11. Qc2 {[%clk 1:20:25]} g6 {[%clk 0:28:59]} 12. Nb3
{[%clk 1:19:39]} Qa4 {[%clk 0:25:08]} 13. c5 {[%clk 1:17:58]} Be7
{[%clk 0:25:27]} 14. Bd2 {[%clk 1:17:17]} b6 {[%clk 0:25:14]} 15. Rfc1
{[%clk 1:16:09]} Rfc8 {[%clk 0:19:26]} 16. f3 {[%clk 1:10:20]} Rab8
{[%clk 0:19:33]} 17. Bf1 {[%clk 1:07:21]} h5 {[%clk 0:13:42]} 18. Qd3
{[%clk 1:03:47]} bxc5 {[%clk 0:12:32]} 19. Qa6 {[%clk 1:02:30]} Qxa6
{[%clk 0:12:43]} 20. Bxa6 {[%clk 1:02:53]} Re8 {[%clk 0:11:40]} 21. dxc5
{[%clk 1:00:10]} Bf8 {[%clk 0:08:38]} 22. Kf2 {[%clk 0:57:45]} Bh6
{[%clk 0:08:56]} 23. Rc2 {[%clk 0:57:07]} Rbd8 {[%clk 0:07:21]} 24. Nd4
{[%clk 0:55:44]} Nb8 {[%clk 0:07:33]} 25. Bb7 {[%clk 0:53:39]} Rd7
{[%clk 0:00:58]} 26. Bxc6 {[%clk 0:53:30]} Nxc6 {[%clk 0:01:25]} 27. Nxc6
{[%clk 0:53:50]} Rc8 {[%clk 0:00:44]} 28. Nd4 {[%clk 0:53:59]} Ne8
{[%clk 0:00:46]} 29. Rac1 {[%clk 0:52:26]} Nc7 {[%clk 0:00:46]} 30. b4
{[%clk 0:52:30]} Bg7 {[%clk 0:01:04]} 31. Bc3 {[%clk 0:52:10]} Bxd4
{[%clk 0:01:01]} 32. Bxd4 {[%clk 0:52:33]} Nb5 {[%clk 0:01:04]} 33. Bb2
{[%clk 0:52:43]} a6 {[%clk 0:00:52]} 34. a4 {[%clk 0:51:39]} Na7 {[%clk 0:01:09]}
35. Bd4 {[%clk 0:51:23]} Rc6 {[%clk 0:00:53]} 36. Rb1 {[%clk 0:51:23]} Rb7
{[%clk 0:01:08]} 37. Rcb2 {[%clk 0:51:25]} Rc8 {[%clk 0:01:03]} 38. b5
{[%clk 0:51:33]} axb5 {[%clk 0:01:12]} 39. axb5 {[%clk 0:50:47]} Rcb8
{[%clk 0:01:20]} 40. Be5 {[%clk 0:50:36]} Re8 {[%clk 0:00:41]} 41. c6
{[%clk 0:50:43]} Rbe7 {[%clk 0:00:34]} 42. Bd4 {[%clk 0:50:58]} Nc8
{[%clk 0:00:37]} 43. b6 {[%clk 0:51:08]} Nd6 {[%clk 0:00:51]} 44. b7
{[%clk 0:51:04]} Rb8 {[%clk 0:00:44]} 45. Bc5 {[%clk 0:51:18]} Re6
{[%clk 0:00:34]} 46. Bxd6 {[%clk 0:51:42]} Rxd6 {[%clk 0:01:01]} 47. c7
{[%clk 0:52:06]} 1-0

[Event "Moscow Open 2018 F"]
[Site "?"]
[Date "2018.02.01"]
[Round "7.12"]
[White "Klimov, Ivan"]
[Black "Yakovlev, Egor"]
[Result "1/2-1/2"]
[BlackElo "2232"]
[WhiteElo "2104"]
[LiveChessVersion "1.4.8"]

1. e4 {[%clk 1:30:58]} c5 {[%clk 1:30:58]} 2. Nf3 {[%clk 1:31:18]} d6
{[%clk 1:31:20]} 3. d4 {[%clk 1:31:39]} Nf6 {[%clk 1:31:43]} 4. Nc3
{[%clk 1:31:57]} cxd4 {[%clk 1:32:10]} 5. Nxd4 {[%clk 1:32:18]} Nc6
{[%clk 1:32:34]} 6. h3 {[%clk 1:28:30]} g6 {[%clk 1:25:10]} 7. Be3
{[%clk 1:25:30]} Bg7 {[%clk 1:24:41]} 8. Qd2 {[%clk 1:25:31]} Bd7
{[%clk 1:24:33]} 9. g4 {[%clk 1:24:12]} Rc8 {[%clk 1:23:56]} 10. g5
{[%clk 1:22:38]} Nh5 {[%clk 1:23:56]} 11. Be2 {[%clk 1:22:20]} Ne5
{[%clk 1:24:06]} 12. O-O-O {[%clk 1:10:38]} Nc4 {[%clk 1:21:56]} 13. Bxc4
{[%clk 1:10:40]} Rxc4 {[%clk 1:22:22]} 14. Qd3 {[%clk 1:08:48]} Rc8
{[%clk 1:21:13]} 15. Nde2 {[%clk 1:06:02]} Qa5 {[%clk 1:20:47]} 16. Kb1
{[%clk 0:55:44]} O-O {[%clk 1:18:47]} 17. Qd2 {[%clk 0:53:11]} Rfe8
{[%clk 1:16:20]} 18. Bd4 {[%clk 0:45:54]} b5 {[%clk 1:13:52]} 19. Bxg7
{[%clk 0:41:43]} Nxg7 {[%clk 1:13:49]} 20. h4 {[%clk 0:39:01]} Rc6
{[%clk 1:12:48]} 21. Nd5 {[%clk 0:33:51]} Qxd2 {[%clk 1:03:39]} 22. Rxd2
{[%clk 0:34:20]} Nh5 {[%clk 1:01:54]} 23. f3 {[%clk 0:30:49]} Kg7
{[%clk 0:55:24]} 24. Nef4 {[%clk 0:28:48]} Nxf4 {[%clk 0:54:30]} 25. Nxf4
{[%clk 0:29:17]} h5 {[%clk 0:54:35]} 26. Nd5 {[%clk 0:27:04]} Be6
{[%clk 0:53:13]} 27. Ne3 {[%clk 0:23:28]} Rec8 {[%clk 0:52:48]} 28. f4
{[%clk 0:23:12]} Ra6 {[%clk 0:52:15]} 29. a3 {[%clk 0:22:58]} Ra4
{[%clk 0:43:06]} 30. c4 {[%clk 0:19:56]} Bxc4 {[%clk 0:40:32]} 31. f5
{[%clk 0:19:09]} Ra6 {[%clk 0:40:47]} 32. Rhd1 {[%clk 0:17:13]} Rcc6
{[%clk 0:38:07]} 33. Rd4 {[%clk 0:13:50]} Bb3 {[%clk 0:34:37]} 34. R1d3
{[%clk 0:13:45]} Ra4 {[%clk 0:32:29]} 35. Rb4 {[%clk 0:08:33]} Rxb4
{[%clk 0:31:46]} 36. axb4 {[%clk 0:09:02]} Bc4 {[%clk 0:31:11]} 37. Rc3
{[%clk 0:07:33]} Rc8 {[%clk 0:29:09]} 38. Kc2 {[%clk 0:07:20]} gxf5
{[%clk 0:28:23]} 39. Nxf5+ {[%clk 0:07:14]} Kf8 {[%clk 0:28:42]} 40. Ng3
{[%clk 0:06:56]} Be6 {[%clk 0:24:33]} 41. Rxc8+ {[%clk 0:06:29]} Bxc8
{[%clk 0:24:57]} 42. Nxh5 {[%clk 0:06:55]} Bg4 {[%clk 0:24:51]} 43. Ng3
{[%clk 0:06:59]} Kg7 {[%clk 0:24:46]} 44. h5 {[%clk 0:06:13]} e5 {[%clk 0:20:05]}
45. Kd3 {[%clk 0:04:26]} f6 {[%clk 0:18:00]} 46. g6 {[%clk 0:03:28]} Kh6
{[%clk 0:17:44]} 47. Ke3 {[%clk 0:02:58]} Be6 {[%clk 0:17:39]} 48. Nf5+
{[%clk 0:02:38]} Bxf5 {[%clk 0:18:03]} 49. exf5 {[%clk 0:03:03]} d5
{[%clk 0:18:29]} 1/2-1/2

[Event "Moscow Open 2018 F"]
[Site "?"]
[Date "2018.02.01"]
[Round "7.13"]
[White "Bykova, Anastasia"]
[Black "Gorovenko, Darya"]
[Result "1/2-1/2"]
[BlackElo "2098"]
[WhiteElo "2226"]
[LiveChessVersion "1.4.8"]

1. d4 {[%clk 1:30:59]} Nf6 {[%clk 1:29:46]} 2. c4 {[%clk 1:31:24]} g6
{[%clk 1:29:44]} 3. Nc3 {[%clk 1:31:46]} Bg7 {[%clk 1:30:06]} 4. Nf3
{[%clk 1:32:07]} O-O {[%clk 1:30:28]} 5. e3 {[%clk 1:30:30]} d6 {[%clk 1:29:54]}
6. Be2 {[%clk 1:28:08]} Nbd7 {[%clk 1:29:55]} 7. O-O {[%clk 1:28:17]} e5
{[%clk 1:30:03]} 8. b3 {[%clk 1:28:27]} c6 {[%clk 1:30:10]} 9. Ba3
{[%clk 1:26:18]} Qa5 {[%clk 1:26:13]} 10. Qc1 {[%clk 1:21:46]} exd4
{[%clk 1:21:35]} 11. exd4 {[%clk 1:19:03]} c5 {[%clk 1:20:54]} 12. dxc5
{[%clk 1:16:31]} dxc5 {[%clk 1:21:00]} 13. Bb2 {[%clk 1:16:28]} Re8
{[%clk 1:16:52]} 14. Qc2 {[%clk 1:14:31]} Nf8 {[%clk 1:14:46]} 15. Bd3
{[%clk 0:58:53]} Bg4 {[%clk 1:07:00]} 16. Ng5 {[%clk 0:57:33]} Ne6
{[%clk 0:59:36]} 17. Nxe6 {[%clk 0:56:56]} Bxe6 {[%clk 0:59:58]} 18. Rad1
{[%clk 0:37:10]} Rad8 {[%clk 0:58:09]} 19. Qb1 {[%clk 0:34:01]} Qc7
{[%clk 0:52:12]} 20. h3 {[%clk 0:31:44]} Qf4 {[%clk 0:48:40]} 21. Ne2
{[%clk 0:29:56]} Qh4 {[%clk 0:48:31]} 22. Ng3 {[%clk 0:18:25]} b6
{[%clk 0:29:46]} 23. Qa1 {[%clk 0:17:40]} Nh5 {[%clk 0:26:39]} 24. Bxg7
{[%clk 0:15:57]} Nxg7 {[%clk 0:27:03]} 25. Be4 {[%clk 0:15:07]} Nh5
{[%clk 0:24:52]} 26. Nxh5 {[%clk 0:15:25]} Qxh5 {[%clk 0:25:15]} 27. Bc6
{[%clk 0:08:23]} Rf8 {[%clk 0:25:19]} 28. Rde1 {[%clk 0:07:49]} Rd4
{[%clk 0:23:58]} 29. Qc3 {[%clk 0:06:52]} Rfd8 {[%clk 0:23:35]} 30. Qg3
{[%clk 0:06:57]} R8d6 {[%clk 0:18:37]} 31. Bf3 {[%clk 0:05:46]} Qh4
{[%clk 0:18:50]} 32. Qe5 {[%clk 0:05:42]} Qf4 {[%clk 0:19:07]} 33. Qxf4
{[%clk 0:03:01]} Rxf4 {[%clk 0:19:31]} 34. Rd1 {[%clk 0:03:10]} Rfd4
{[%clk 0:19:12]} 35. Rxd4 {[%clk 0:01:58]} Rxd4 {[%clk 0:19:33]} 36. Rd1
{[%clk 0:02:26]} Rxd1+ {[%clk 0:17:44]} 37. Bxd1 {[%clk 0:02:53]} g5
{[%clk 0:17:53]} 38. Kh2 {[%clk 0:02:43]} Kg7 {[%clk 0:18:09]} 39. Kg3
{[%clk 0:02:41]} Bf5 {[%clk 0:13:34]} 40. h4 {[%clk 0:02:14]} h6 {[%clk 0:13:53]}
41. hxg5 {[%clk 0:02:15]} hxg5 {[%clk 0:14:18]} 42. f4 {[%clk 0:02:43]} f6
{[%clk 0:14:18]} 43. Kf3 {[%clk 0:01:29]} Kf7 {[%clk 0:13:53]} 44. Ke3
{[%clk 0:01:06]} Ke6 {[%clk 0:12:16]} 45. a3 {[%clk 0:00:44]} a5 {[%clk 0:12:29]}
46. g3 {[%clk 0:00:43]} Bb1 {[%clk 0:11:56]} 47. Bg4+ {[%clk 0:00:54]} Kd6
{[%clk 0:10:43]} 48. Kd2 {[%clk 0:01:20]} Be4 {[%clk 0:09:55]} 49. Bd1
{[%clk 0:01:15]} Ke6 {[%clk 0:10:12]} 50. Ke3 {[%clk 0:01:10]} Bb1
{[%clk 0:10:23]} 51. Ke4 Ke5+ 1/2-1/2

[Event "Moscow Open 2018 F"]
[Site "?"]
[Date "2018.02.01"]
[Round "7.14"]
[White "Vasilyev, Vasily"]
[Black "Lebedev, Oleg"]
[Result "1/2-1/2"]
[BlackElo "2079"]
[WhiteElo "2299"]
[LiveChessVersion "1.4.8"]

1. d4 f5 2. c4 Nf6 3. Nf3 g6 4. g3 Bg7 5. Bg2 O-O 6. O-O d6 7. Nc3 Nc6 8. b3 e5
9. dxe5 dxe5 10. Ba3 Re8 11. e4 Nxe4 12. Nxe4 fxe4 13. Nd2 Nd4 14. Nxe4 Bf5 15.
Rc1 Bxe4 16. Bxe4 c6 17. h4 Qf6 18. h5 Qg5 19. hxg6 hxg6 20. Rc3 Rad8 21. Bc1 Qh5
22. Qxh5 gxh5 23. Re1 Re6 24. Kg2 Kf7 25. Rh1 Rh8 26. Kf1 Bf6 27. Rd3 Re7 28. f3
Ree8 29. Be3 a6 30. Rh3 Rd8 31. Rd2 Ne6 32. Rdh2 Rd1+ 33. Ke2 Ra1 34. Kd3 Rd8+
35. Kc3 Nf4 36. Bb6 Nxh3 37. Bxd8 Bxd8 38. Rxh3 Rxa2 39. Rxh5 Bf6 40. g4 Rg2 41.
Rh7+ Bg7 42. Kb4 Rb2 43. g5 a5+ 44. Kc3 Rf2 45. Rh1 Bf8 46. Rh7+ Bg7 47. b4 a4
48. b5 cxb5 49. cxb5 a3 50. Rh1 b6 51. Rd1 a2 52. Kb3 Ke6 53. Rc1 Kd7 54. g6 Kd6
55. Rd1+ Ke7 56. Ra1 Kd6 57. Rxa2 Rxa2 58. Kxa2 Kc5 59. Bc6 Kc4 60. Kb1 Kd3 61.
Kc1 Ke2 62. Kc2 Ke3 63. Kd1 Kf4 64. Ke2 Kf5 65. Be4+ Ke6 66. Kd3 Kd6 67. Bb7 Kc5
68. Ke4 Kd6 69. Bc6 Kc5 70. Kf5 Kd6 71. Be4 Ke7 72. Bd5 Kd6 73. Bf7 Ke7 74. Ke4
Kd6 75. Ba2 Kc5 76. Bf7 Kd6 77. Be8 Kc5 78. Kd3 Kb4 79. Bd7 Kc5 80. Bc6 Kb4 81.
Kc2 Kc4 82. Bd7 Kd4 83. Kb3 Bh6 84. Kc2 Bg7 1/2-1/2